000 00456cam a2200181ua 4500
001 2164
008 110804n ii |||gr||||Z||||||asm
040 _cMAIN
082 _a370
100 _aAkhtar, Praveen,
_eAuthor.
245 1 0 _aPrarambhik Siksha (H. S. 2nd yr.)
_cby Praveen Akhtar
250 _a2nd.
260 _aGuahati:
_bAssam book depot,995.
300 _a157p:
_bill;
_c23cm.
653 _aEducation
653 _aPrarambhik Siksha
942 _cBK
999 _c2032
_d2032